| 000 | 00831cam a22002655a 4500 | ||
|---|---|---|---|
| 001 | 10166512 | ||
| 005 | 20160117144139.0 | ||
| 008 | 120412r20152012ii a frb 001 0 eng d | ||
| 020 | _a9382127003 | ||
| 020 | _a9789382127000 | ||
| 040 |
_aBTCTA _beng _cBTCTA _dEG-ScBUE |
||
| 082 | 0 | 4 |
_a660 _222 _bAHL |
| 100 | 1 |
_aAhluwalia, V. K. _939058 |
|
| 245 | 1 | 0 |
_aGreen chemistry : _benvironmentally benign reactions / _cV. K. Ahluwalia. |
| 250 | _a2nd ed., Reprint ed. | ||
| 260 |
_aNew Delhi : _bAne Books Pvt. Ltd., _c2015. |
||
| 300 |
_axix, 312 p. : _bill. ; _c25 cm. |
||
| 500 | _aIndex : p. 307-312. | ||
| 500 | _aReprinted of the 2012 ed. | ||
| 504 | _aIncludes bibliographical references. | ||
| 650 | 7 |
_aGreen chemistry. _2BUEsh _939059 |
|
| 651 | _2BUEsh | ||
| 653 |
_bPPhrm _cJuly2015 _cJanuary2016 |
||
| 942 |
_2ddc _k660 AHL |
||
| 999 |
_c20137 _d20109 |
||